000 00908nam a2200193 a 4500
001 56438
005 20180714052210.0
008 140415s2011 cl 000 0 spa d
041 _aspa
082 _a320.5
_bCUM
100 1 _aCUMPLIDO CERECEDA, FRANCISCO
245 1 0 _aCRISTIANO DEMOCRATA ACADEMICO
250 _a1a ed.
260 _aCHILE :
_bATARAXIA,
_c2011
300 _a189
_c15 x 0.8 x 23
490 _aCOL.UPAEP
520 _aCRISTIANO, DEMOCRATA YA CADEMICO, ES UN TEXTO QUE REFLEJA INTEGRALMENTE EL TESTIMONIO DE VIDA DE FRANCISCO CUMPLIDO CERECEDA, SU PENSAMIENTO MAS GENUINO Y COHERENCIA INTELECTUAL. COMO PROFESOR, DIRECTOR DEL INSTITUTO DE CIENCIAS POLITICAS, SECRETARIO GENERAL O RECTOR DE UNIVERSIDAD, SU CONTRIBUCION HA SIDO PERMANENTE, TANTO EN LA FORMACION DE ALUMNOS, COMO SU APORTE INTELECTUAL.
650 1 4 _aDEMOCRACIA
_xCHILE
_xPOLITICA
_xCIENCIAS POLITICAS
_xCHILE
999 _c56438
_d56438